LEADER 01096nam 2200349 450 001 9910132323003321 005 20231206212933.0 010 $a9781118650028 : (ebk : EbookCentral) 035 $a(MiAaPQ)EBC1864027 035 $a(EXLCZ)993710000000282940 100 $a20140425d2015 uy| 0 101 0 $aeng 135 $aurun#|||uuuuu 200 00$aGracey's meat hygiene$b[electronic resource] /$fedited by David S. Collins and Robert J. Huey 205 $a11th ed. 210 $aChichester $cJohn Wiley & Sons Inc.$d2015 215 $axvi, 329p. ;$cill 300 $aPreceded by Meat hygiene / J.F. Gracey, D.S. Collins, R.J. Huey. 10th ed. 1999. 320 $aIncludes bibliographical references and index. 606 $aMeat 606 $aMeat hygiene 615 0$aMeat. 615 0$aMeat hygiene. 676 $a363.19/29 701 $aCollins$b David S$01428463 701 $aHuey$b Robert J$01428464 701 $aGracey$b J. F$0902084 801 0$bMiAaPQ 801 2$bt 912 $a9910132323003321 996 $aGracey's meat hygiene$93564745 997 $aUNINA LEADER 01769nam0 2200421 i 450 001 REA0035006 005 20251003044333.0 010 $a8838606625 020 $aIT$b96-5382 100 $a20150430d1995 ||||0itac50 ba 101 | $aita 102 $ait 181 1$6z01$ai $bxxxe 182 1$6z01$an 200 1 $aIstituzioni di economia$fC. J. McKenna, Ray Rees 210 $aMilano$cMcGraw-Hill libri Italia$d1995 215 $aXIV, 482 p.$d24 cm 225 | $aCollana di istruzione scientifica$i. Serie di economia 300 $aTrad. di Chiara Rossignoli. 410 0$1001RAV0197796$12001 $aCollana di istruzione scientifica$i. Serie di economia 500 10$aEconomics.$3REA0035007$9MILV093525$945537 606 $aEconomia$xMetodi matematici$2FIR$3CFIC008562$9E 676 $a330$9ECONOMIA$v21 676 $a330.0151$9ECONOMIA. Principi matematici$v23 696 $aEconomia reale$aAttivitą economiche$aAspetti economici 699 $aEconomia$yEconomia reale 699 $aEconomia$zAttivitą economiche 699 $aEconomia$zAspetti economici 700 1$aMcKenna$b, Christopher John$3MILV093525$4070$0632987 701 1$aRees$b, Ray$3CFIV097932$4070$089241 801 3$aIT$bIT-000000$c20150430 850 $aIT-BN0095 901 $bNAP 01$cPOZZO LIB.$nVi sono collocati fondi di economia, periodici di ingegneria e scienze, periodici di economia e statistica e altri fondi comprendenti documenti di economia pervenuti in dono. 912 $aREA0035006 950 0$aBiblioteca Centralizzata di Ateneo$c1 v.$d 01POZZO LIB.F. CORTI 47$e 01 0000117045E VMA 1 v.$fB $h20230629$i20230629 977 $a 01 996 $aEconomics$945537 997 $aUNISANNIO